German Words for Numbers (Tens) - Statistics

General Stats
  • This quiz has been taken 30 times
  • The average score is 11 of 15
Answer Stats
# English Answer % Correct
10 Ten Zehn
100%
30 Thirty Dreißig
86%
50 Fifty Fünfzig
86%
40 Forty Vierzig
86%
20 Twenty Zwanzig
86%
80 Eighty Achtzig
82%
90 Ninety Neunzig
82%
60 Sixty Sechzig
82%
70 Seventy Siebzig
82%
100 One Hundred Einhundert
73%
130 One Hundred and Thirty Einhundertdreißig
59%
150 One Hundred and Fifty Einhundertfünfzig
59%
140 One Hundred and Forty Einhundertvierzig
59%
110 One Hundred and Ten Einhundertzehn
59%
120 One Hundred and Twenty Einhundertzwanzig
59%
No matching quizzes found
Score Distribution
Percent of People with Each Score
Percentile by Number Answered
Your Score History
You have not taken this quiz